| 000 | 00398nam a2200121Ia 4500 | ||
|---|---|---|---|
| 008 | 230907s9999||||xx |||||||||||||| ||und|| | ||
| 082 |
_a333.703 _bENC |
||
| 245 | 0 | _aEncyclopedia of energy, natural resource, and environmental economics / | |
| 260 |
_aElsevier Academic Press, _bSan Diego : _c2013 |
||
| 300 | _a3 v. : | ||
| 650 |
_aEncyclopedias. Encyclopedias. Encyclopedias. _9115690 |
||
| 942 | _cBK | ||
| 999 |
_c599162 _d599162 |
||